[Event "Najdorf Memorial"]
[Site "Warsaw POL"]
[Date "2024.07.17"]
[Round "9.37"]
[White "Szymkiewicz, Witold"]
[Black "Sanz Losada, Victoriano"]
[Result "1-0"]
[WhiteElo "2054"]
[BlackElo "2002"]

1. d4 Nf6 2. c4 g6 3. Nc3 Bg7 4. e4 d6 5. h3 O-O 6. Be3 Na6 7. Nf3 c5 8. d5
Nc7 9. Bd3 Rb8 10. Qd2 a6 11. a4 e6 12. O-O exd5 13. exd5 b5 14. axb5 axb5
15. b3 Ba6 16. Rab1 Qd7 17. Bh6 bxc4 18. Bxg7 Kxg7 19. bxc4 Rb4 20. Rxb4
cxb4 21. Na2 b3 22. Nc3 Rb8 23. Qb2 Kg8 24. Ra1 Nfxd5 25. Nxd5 Nxd5 26. Qd4
Nb4 27. Ne5 Qe6 28. Ng4 Nxd3 29. Nh6+ Kf8 30. Qh8+ Ke7 31. Qxb8 Nc5 32.
Ng8+ Kd7 33. Qa7+ Bb7 34. Qb6 f5 35. Rd1 Be4 36. Qxc5 Bc2 37. Qb5+ Kc7 38.
Ra1 1-0

[Event "Najdorf Memorial"]
[Site "Warsaw POL"]
[Date "2024.07.17"]
[Round "9.38"]
[White "Ashwath, Kaushik"]
[Black "Borowy, Cezary"]
[Result "1/2-1/2"]
[WhiteElo "2029"]
[BlackElo "1993"]

1. e4 d6 2. d4 Nf6 3. Nc3 c6 4. f4 Qa5 5. Bd3 e5 6. dxe5 dxe5 7. fxe5 Ng4
8. Nf3 Bb4 9. Bd2 Nd7 10. a3 Qc5 11. Qe2 Bxc3 12. Bxc3 Ndxe5 13. Nxe5 Nxe5
14. Qf2 Qxf2+ 15. Kxf2 f6 16. Be2 Be6 17. b3 Rd8 18. Rad1 b6 19. a4 a5 20.
Ke3 Ke7 21. h4 Rxd1 22. Rxd1 Rd8 23. Rxd8 Kxd8 24. h5 Ke7 25. Kf4 Nf7 26.
g4 g5+ 27. hxg6 hxg6 28. Bb2 g5+ 29. Kg3 Ne5 30. Bd4 c5 31. Bxe5 fxe5 32.
c4 Kf6 33. Kf3 Ke7 34. Ke3 Kd6 35. Kd2 Ke7 36. Ke3 Kd6 1/2-1/2

[Event "Najdorf Memorial"]
[Site "Warsaw POL"]
[Date "2024.07.17"]
[Round "9.39"]
[White "Klim, Filip"]
[Black "Celinski, Kamil"]
[Result "1/2-1/2"]
[WhiteElo "2000"]
[BlackElo "2022"]

1. e4 e5 2. Nf3 Nc6 3. Bc4 d6 4. a4 Be6 5. Bxe6 fxe6 6. d4 exd4 7. Nxd4
Nxd4 8. Qxd4 Nf6 9. O-O Be7 10. e5 dxe5 11. Qxe5 Qd5 12. Qe2 Bd6 13. Nc3
Qe5 14. g3 O-O 15. Bf4 Qxe2 16. Nxe2 e5 17. Be3 Ng4 18. Nc3 Rf3 19. Rae1
Bb4 20. Bd2 Rd8 21. Re2 Rd4 22. h3 Nh6 23. Be1 Bd6 24. b3 a6 25. Ne4 Be7
26. Nd2 Rf8 27. Nc4 Nf5 28. Bc3 Rdd8 29. Nxe5 Bc5 30. Kg2 b5 31. Nc6 Rd7
32. b4 Bd6 33. axb5 axb5 34. Ra1 Ne7 35. Nxe7+ Bxe7 36. Ra5 c6 37. Re6 Rc8
38. Ra6 c5 39. bxc5 Bxc5 40. Rac6 Rxc6 41. Rxc6 Bf8 42. f4 b4 43. Be5 Rd2+
44. Kf3 b3 45. cxb3 Rd3+ 46. Ke4 Rxb3 47. f5 Rb5 48. Rc7 h6 49. g4 Ra5 50.
Bd4 Ra8 51. Rd7 Re8+ 52. Kd5 Rc8 53. h4 Ra8 54. g5 hxg5 55. hxg5 Re8 56.
Be5 Be7 57. f6 gxf6 58. Bxf6 Bxf6 59. gxf6 Re1 1/2-1/2

[Event "Najdorf Memorial"]
[Site "Warsaw POL"]
[Date "2024.07.17"]
[Round "9.40"]
[White "Jarzebowski, Kacper"]
[Black "Zaninotto, Franco"]
[Result "1-0"]
[WhiteElo "2131"]
[BlackElo "1961"]

1. e4 e6 2. d4 d5 3. e5 c5 4. c3 Qb6 5. Nf3 Nc6 6. Na3 cxd4 7. cxd4 Bb4+ 8.
Bd2 a6 9. Bd3 Bxd2+ 10. Qxd2 Qb4 11. Nc2 Qxd2+ 12. Kxd2 Nge7 13. h4 Bd7 14.
h5 h6 15. Nh4 f6 16. f4 O-O-O 17. g3 Na5 18. b3 Kc7 19. Ne3 Kb6 20. Rac1
Rc8 21. Rxc8 Rxc8 22. exf6 gxf6 23. g4 Nac6 24. Nf3 Rg8 25. g5 f5 26. Nf1
Be8 27. Ng3 Nc8 28. Re1 Bf7 29. g6 Bxg6 30. hxg6 Rxg6 31. Rg1 Nd6 32. Ke3
Ne4 33. Bxe4 dxe4 34. Ne5 Nxe5 35. fxe5 h5 36. Ne2 Rh6 37. Nf4 h4 38. Rc1
h3 39. Kf2 h2 40. Kg2 e3 41. Rh1 Rh4 42. Kg3 Rg4+ 43. Kf3 1-0

[Event "Najdorf Memorial"]
[Site "Warsaw POL"]
[Date "2024.07.17"]
[Round "9.41"]
[White "Chachere, Theodore"]
[Black "Gacek, Waldemar"]
[Result "0-1"]
[WhiteElo "1947"]
[BlackElo "2081"]

1. d4 d5 2. c4 c6 3. Nf3 Nf6 4. Nc3 dxc4 5. a4 Bf5 6. e3 e6 7. Bxc4 Bb4 8.
O-O O-O 9. h3 Nbd7 10. Nh4 Bg6 11. Nxg6 hxg6 12. Qb3 Qb6 13. Rd1 a5 14. Qc2
Qc7 15. e4 e5 16. Ne2 exd4 17. Nxd4 Nc5 18. f3 Rad8 19. Be3 Qe5 20. Qf2
Rfe8 21. Nc2 Rxd1+ 22. Rxd1 Nxa4 23. Bd4 Bc5 24. f4 Bxd4 25. Rxd4 Qc5 26.
e5 Nxb2 27. Bxf7+ Kxf7 28. exf6 Kxf6 29. Kh2 Nc4 30. g4 b6 31. g5+ Kf7 32.
f5 gxf5 33. Qf4 Qe5 0-1

[Event "Najdorf Memorial"]
[Site "Warsaw POL"]
[Date "2024.07.17"]
[Round "9.42"]
[White "Matskevich, Varvara"]
[Black "Dobosiewicz, Dawid"]
[Result "1/2-1/2"]
[WhiteElo "1946"]
[BlackElo "2028"]

1. f4 d5 2. Nf3 g6 3. d3 d4 4. g3 Bg7 5. Bg2 c5 6. c3 Nh6 7. O-O O-O 8. Qc2
Nc6 9. Nbd2 Rb8 10. Ne4 b6 11. a3 Bb7 12. Kh1 dxc3 13. bxc3 Na5 14. Nf2 f5
15. e4 e6 16. Bd2 Nf7 17. Rae1 c4 18. d4 Nd6 19. Ng5 Re8 20. Bc1 h6 21.
Ngh3 Nb3 22. Qe2 Rc8 23. Ng1 Nxe4 24. Nxe4 Bxe4 25. Bxe4 fxe4 26. Qg4 Qd5
27. Qxg6 Qf5 28. Qxf5 exf5 29. Be3 b5 30. Re2 a5 31. h3 Bf8 32. Ra2 b4 33.
axb4 axb4 34. Ne2 bxc3 35. Nxc3 Red8 36. Rd1 Bg7 37. Ne2 h5 38. Rc2 c3 39.
Rxc3 Rxc3 40. Nxc3 Na5 41. Kg2 Nc4 42. Kf2 Nb2 43. Rb1 Nd3+ 44. Ke2 Bxd4
45. Bxd4 Rxd4 46. Ke3 Rc4 47. Ne2 Nb4 48. Rc1 Nd5+ 49. Kf2 Ra4 50. Rc5 Ne7
51. g4 hxg4 52. hxg4 fxg4 53. Kg3 Kf7 54. Kxg4 Ra2 55. Nc3 Rg2+ 1/2-1/2

[Event "Najdorf Memorial"]
[Site "Warsaw POL"]
[Date "2024.07.17"]
[Round "9.43"]
[White "Lecki, Leonard"]
[Black "Lasota, Adam"]
[Result "1-0"]
[WhiteElo "2026"]
[BlackElo "1968"]

1. e4 b6 2. d4 Bb7 3. Nc3 d6 4. f4 Nd7 5. Nf3 e6 6. Bd3 Ne7 7. O-O g6 8. f5
exf5 9. exf5 Bg7 10. Bg5 Bxf3 11. Qxf3 Bxd4+ 12. Kh1 f6 13. Nd5 O-O 14.
Nxe7+ Qxe7 15. Qd5+ Qf7 16. Qxd4 c5 17. fxg6 cxd4 18. gxf7+ Kxf7 19. Bb5
Ke7 20. Bxd7 fxg5 21. Bc6 Rxf1+ 22. Rxf1 Rc8 23. Be4 h6 24. Kg1 Rc5 25. Kf2
Ke6 26. Bd3 Ra5 27. Kg3 h5 28. h4 Re5 29. hxg5 Rxg5+ 30. Kh3 a5 31. a4 Ke5
32. Re1+ Kd5 33. Kh4 Rg7 34. Kxh5 Kc5 35. g4 1-0

[Event "Najdorf Memorial"]
[Site "Warsaw POL"]
[Date "2024.07.17"]
[Round "9.44"]
[White "Harazinska, Magdalena"]
[Black "Wieckowski, Michal"]
[Result "0-1"]
[WhiteElo "1969"]
[BlackElo "1964"]

1. d4 Nf6 2. c4 c5 3. d5 b5 4. Qc2 b4 5. e4 d6 6. f4 g6 7. Nf3 Bg7 8. Bd3
O-O 9. O-O a5 10. e5 Nfd7 11. e6 fxe6 12. dxe6 Nf6 13. f5 Nc6 14. Be4 Nxe4
15. Qxe4 d5 16. cxd5 gxf5 17. Qh4 Qxd5 18. Bh6 Bxh6 19. Qxh6 Rf6 20. Qh4
Bxe6 21. Nbd2 Bf7 22. b3 Kg7 23. Nc4 Nd4 24. Rae1 Ra7 25. Nce5 Bg6 26. Kh1
a4 27. Nxg6 Nxf3 28. Rxe7+ Rxe7 29. Nxe7 Nxh4 30. Nxd5 Rd6 31. Nf4 a3 32.
g3 Ng6 33. Nxg6 hxg6 34. Rf2 Rd1+ 35. Kg2 Rb1 36. Kf3 Rb2 37. Rf1 Rxa2 38.
Rc1 Rxh2 39. Rxc5 Rb2 40. Kf4 Rxb3 41. g4 fxg4 42. Kxg4 a2 43. Rc7+ Kf6 44.
Rc6+ Ke5 45. Ra6 Ra3 0-1

[Event "Najdorf Memorial"]
[Site "Warsaw POL"]
[Date "2024.07.17"]
[Round "9.46"]
[White "Wadelek, Karol"]
[Black "Dalkowski, Rafal"]
[Result "0-1"]
[WhiteElo "1974"]
[BlackElo "2101"]

1. d4 g6 2. e4 c5 3. d5 Bg7 4. c4 d6 5. Nc3 Bxc3+ 6. bxc3 e5 7. Bd3 Nd7 8.
f4 Qe7 9. Nf3 f6 10. O-O exf4 11. Bxf4 Kd8 12. Qe1 g5 13. Be3 Kc7 14. Qg3
h5 15. h4 g4 16. Nd4 Ne5 17. Be2 Bd7 18. Rab1 Re8 19. Rb2 Qh7 20. Nf5 Bxf5
21. exf5 Ne7 22. Qf4 Ra8 23. Qe4 Nc8 24. Rfb1 Rb8 25. Qc2 Re8 26. Bf4 Nb6
27. Rb5 Nbd7 28. R1b2 a6 29. R5b3 b6 30. Rb1 Nf7 31. Rf1 Rb7 32. Rb2 Reb8
33. Bg3 Nde5 34. Qe4 Qg8 35. Qc2 b5 36. cxb5 axb5 37. a4 bxa4 38. Rxb7+
Rxb7 39. Qxa4 Qb8 40. Ra1 Kd8 41. Ba6 Rb3 42. Kh2 Ke7 43. Bc8 Nf3+ 44. gxf3
Rb2+ 45. Kg1 Qxc8 46. fxg4 hxg4 47. Qxg4 Qb7 48. Re1+ Kf8 49. Qe4 Rd2 50.
c4 Ne5 51. Bxe5 Qg7+ 52. Kh1 fxe5 53. Rg1 Qh7 54. Rg4 Qa7 55. Qb1 Rd4 56.
Rxd4 cxd4 57. Kg2 Kf7 58. Qc1 Qa2+ 59. Kf3 d3 60. Qe3 Qxc4 61. h5 Qxd5+ 62.
Kg4 Qg2+ 63. Kh4 Qh2+ 64. Kg4 Qe2+ 65. Qf3 e4 0-1

[Event "Najdorf Memorial"]
[Site "Warsaw POL"]
[Date "2024.07.17"]
[Round "9.47"]
[White "Delega, Tomasz"]
[Black "Maack, Kjartan"]
[Result "0-1"]
[WhiteElo "1973"]
[BlackElo "2066"]

1. e4 e6 2. d4 d5 3. e5 c5 4. c3 Qb6 5. a3 Bd7 6. b4 cxd4 7. cxd4 Bb5 8.
Bxb5+ Qxb5 9. Ne2 Nd7 10. O-O Nb6 11. Nec3 Qd7 12. Qb3 Ne7 13. b5 Nf5 14.
Rd1 Be7 15. a4 O-O 16. Ba3 Rac8 17. a5 Nc4 18. Bb4 f6 19. exf6 Rxf6 20. Ra2
Rg6 21. Bxe7 Qxe7 22. g3 h5 23. Ne2 h4 24. Nf4 Rh6 25. a6 hxg3 26. fxg3 g5
27. axb7 Qxb7 28. Ng2 Qh7 29. h4 gxh4 30. g4 Nfd6 31. Qh3 Ne4 32. Nc3 Ne3
33. Nxe4 Nxd1 34. g5 Qxe4 35. gxh6 Qxd4+ 36. Kh2 Qe5+ 37. Kg1 Qd4+ 38. Kh2
Qe5+ 39. Kg1 Rc1 40. Qg4+ Kh8 41. Qg7+ Qxg7 42. hxg7+ Kxg7 43. Rxa7+ Kf6
44. Nxh4 Nc3+ 45. Kf2 Nxb5 46. Rd7 Nd4 47. Ng2 Rc2+ 48. Kg3 Ke5 49. Rh7
Nf5+ 50. Kf3 Rc3+ 51. Kf2 Ke4 52. Ne1 Ra3 53. Rb7 Ra2+ 54. Kg1 d4 55. Rb3
Ne3 56. Nd3 e5 57. Nb4 Rg2+ 58. Kh1 Rg8 59. Ra3 Rc8 60. Ra6 Rc4 61. Rb6 d3
0-1

[Event "Najdorf Memorial"]
[Site "Warsaw POL"]
[Date "2024.07.17"]
[Round "9.48"]
[White "Charvi, A"]
[Black "Bergan, Gaute"]
[Result "0-1"]
[WhiteElo "1960"]
[BlackElo "2027"]

1. e4 e5 2. Nf3 Nc6 3. Bc4 Nf6 4. d3 Bc5 5. c3 Bb6 6. Bb3 d6 7. Nbd2 a6 8.
Nf1 Be6 9. Bc2 Ne7 10. Ng3 Ng6 11. O-O h5 12. d4 h4 13. Nf5 Kf8 14. Bg5 h3
15. g3 Qd7 16. Qe2 Nxe4 17. Bxe4 Bxf5 18. Bxb7 Rb8 19. Bxa6 f6 20. Be3 Bg4
21. Bd3 f5 22. dxe5 Qc6 23. Bb5 Qxf3 24. Qxf3 Bxf3 25. exd6 cxd6 26. Bxb6
Rxb6 27. a4 Ne5 28. Rfe1 Be4 29. Red1 Ke7 30. b4 Nf3+ 31. Kh1 Nd4+ 32. Kg1
Nxb5 33. axb5 Rxb5 34. Ra7+ Rb7 35. Ra6 d5 36. Re1 Kf7 37. Re3 Re8 38. f3
Bc2 39. Rxe8 Kxe8 40. Kf2 Rc7 41. Ra3 Re7 42. Ra5 Bb3 43. g4 fxg4 44. fxg4
Bc4 45. Ra3 Kf7 46. Kg3 Re3+ 47. Kf2 Rd3 48. Ke1 Kf6 49. Kf2 Kg5 50. Ke1
Kxg4 51. Kf2 g5 52. Kg1 Kf3 53. Ra1 Rd2 54. Kh1 Kf2 55. Rc1 d4 56. cxd4
Bd5# 0-1

[Event "Najdorf Memorial"]
[Site "Warsaw POL"]
[Date "2024.07.17"]
[Round "9.49"]
[White "Krasiewicz, Robert"]
[Black "Slomczewski, Michal"]
[Result "1-0"]
[WhiteElo "2004"]
[BlackElo "2081"]

1. c4 e5 2. g3 Nc6 3. Bg2 Bc5 4. Nc3 a6 5. e3 Nf6 6. Nge2 d6 7. O-O Ba7 8.
h3 Bf5 9. d4 exd4 10. exd4 O-O 11. Be3 Qd7 12. Kh2 Rfe8 13. a3 Na5 14. b3
Rab8 15. Nf4 b5 16. Ncd5 Nxd5 17. cxd5 Be4 18. Bxe4 Rxe4 19. Qd3 Re7 20.
Rfc1 Bb6 21. Rc2 h6 22. g4 Rbe8 23. Rg1 Re4 24. Nh5 Kf8 25. Ng3 Qe7 26. Rc3
f5 27. Nxf5 Qf7 28. Rg3 Qxd5 29. Rf3 Kg8 30. Bxh6 gxh6 31. Nxh6+ Kh7 32.
Nf5 Nc6 33. Qd2 Qe6 34. Rxc6 Bxd4 35. Rxc7+ Kh8 36. Nxd4 Qe5+ 37. Kg2 1-0

[Event "Najdorf Memorial"]
[Site "Warsaw POL"]
[Date "2024.07.17"]
[Round "9.50"]
[White "Jurasz, Antoni"]
[Black "Siennicki, Gustaw"]
[Result "1/2-1/2"]
[WhiteElo "1992"]
[BlackElo "2012"]

1. e4 c6 2. d4 d5 3. Nc3 dxe4 4. Nxe4 Nf6 5. Nxf6+ exf6 6. Nf3 Na6 7. Bxa6
Qa5+ 8. c3 Qxa6 9. Qe2+ Qxe2+ 10. Kxe2 Bd6 11. h3 Be6 12. b3 b5 13. Bb2 a5
14. Nd2 Kd7 15. a4 Bd5 16. c4 bxc4 17. bxc4 Bxg2 18. Rhg1 Rhe8+ 19. Kd1
Bxh3 20. Rxg7 Be6 21. Ne4 Be7 22. Rxh7 Bg4+ 23. Kc1 f5 24. Nc5+ Kc8 25. Ra3
Bg5+ 26. Kb1 Re1+ 27. Ka2 Rb8 28. Rh8+ Bd8 29. Bc3 Reb1 30. Rb3 R1xb3 31.
Nxb3 Kb7 32. Bxa5 Bg5 33. Nc5+ Ka8 34. Rxb8+ Kxb8 35. Kb2 Be2 36. d5 cxd5
37. cxd5 Be7 38. Nd7+ Kc8 39. Ne5 Bd1 40. Nxf7 Bxa4 41. f4 Bc5 42. Bc3 Be8
43. Ne5 Be3 44. Nc6 Bxc6 45. dxc6 Bxf4 46. Kc2 Kc7 47. Kd3 Kxc6 48. Ke2 Kd5
49. Kf3 Bc7 50. Bb4 1/2-1/2